000
00326nam a2200145Ia 4500
005
20251222142025.0
008
251222s9999||||xx |||||||||||||| ||spa||
020
_a
9584202820
082
_a
871/C75
100
_a
Collazos, Óscar
245
0
_a
El Exilio y la Culpa
250
_a
1ra.ed.
264
_b
Planeta
942
_c
LIB
999
_c
10768
_d
10768